000 00582nam a2200205 4500
003 OSt
005 20260601171011.0
008 260509b2021\\\\|||a||||\||||\00|\0\spa\d
040 _aICI
_bspa
_cICI
050 _aNK1390
_bQ47 2020
100 1 _aMónica Montañés Marcellán
245 1 _aTodo es Diseño • Diseño en Querétaro
264 _aMunicipio de Queretaro
_c2021
300 _a72 páginas
336 _atexto
_2rdacontent
337 _asin medio
_2rdamedia
338 _avolumen
_2rdacarrier
650 _aDiseño industrial
_zMéxico
_zQuerétaro.
942 _2lcc
_cB
_n1
999 _c20504
_d20504